000 00567nam a2200145 a 4500
001 000027944
005 20240418073801.0
008 110406s2000 dr r 000 0 spa d
040 _aDO-SdBNP
_bspa
_cBNPHU
082 _axxxx
_bxxxx
245 0 0 _aCatálogo de la exposición bibliográfica de la Región Este de República Dominicana /
_ccompilación y redacción Miguel Collado.
260 _aSan Pedro de Macorís, República Dominicana :
_bUniversidad Central del Este (UCE),
_c2000.
300 _a29 p. ;
_c22 cm.
700 1 _aCollado, Miguel A.,
_d1954-
_ecomp.
_924696
999 _c27436
_d27436